01186nam a2200253 i 4500001000700000003000900007005001700016008004100033080003000074080003000104080002700134110001900161245023600180260004000416300002200456490003200478650006700510650007400577650007100651830004200722852002400764999001900788952012500807189946ES-MaACL20250902073148.0200221s1970 sp |||| | spa d a349.2(460)"19"(094):647.3 a349.2(460)"192(094):648.5 a349.2(460)"19"(094):631 aEspaña9362210aActividades diversas : bActividades no reglamentadas . Empresas de limpieza de locales . Mujeres de limpieza . Vaquerías . Granjas avícolas . Jardinería . Porterías de fincas urbanas . Disposiciones de interés general... aMadrid : bGarcía Enciso, c1970. a262 p. ; c15 cm.1 aColección García Enciso 4aPersonal de limpieza-xEstatuto jurídico-zEspaña.9169621 4aEmpleados de fincas urbanas-xEstatuto jurídico-zEspaña.9169622 4aTrabajadores agrícolas-xEstatuto jurídico-zEspaña.916962310aColección "García Enciso"91768844 aES-MaACLjP-1332-28 c189946d189946 00104070aATENEOMbATENEOMcDEPO2d2005-05-11eDONl0oP-1332-28p1201582r2023-02-23 00:00:00w2023-02-23yMONOGRAFIA